| 000 | 00359nam a2200145Ia 4500 | ||
|---|---|---|---|
| 008 | 191201s2008 xx 000 0 und d | ||
| 082 |
_a621.38411 _bJOE |
||
| 100 | _aJORDAN, Edward C. | ||
| 245 | 0 | _aElectromagnetic Waves and Radiating Systems | |
| 250 | _aRep. | ||
| 260 |
_aN.Delhi _bPHI _c2008 |
||
| 300 | _a753 | ||
| 650 | _aB.Tech(ECE) | ||
| 942 |
_2ddc _cBK |
||
| 999 |
_c3852 _d3852 |
||